Gestión de recursos humanos

Tallennettuna:
Bibliografiset tiedot
Päätekijät: Gómez-Mejía, Luis R (autor), Balkin, David B (Tekijä)
Muut tekijät: Cardy, Robert L (autor)
Aineistotyyppi: Kirja
Kieli:espanja
Julkaistu: Madrid, España Pearson Educación 2008
Painos:5a. ed
Aiheet:
Linkit:Disponible Online
Tagit: Lisää tagi
Ei tageja, Lisää ensimmäinen tagi!

MARC

LEADER 00000nam a2200000 a 4500
001 UCH0108
003 CL-VaPUC
005 20241115153322.0
008 090108e20080000SP |||||||||||||||||spa|d
999 |c 332489  |d 332487 
020 |a 9788483224021 
040 |c Pontificia Universidad Católica de Valparaíso 
082 0 4 |a 658.3 GOM 2008  |2 21 
100 |a Gómez-Mejía, Luis R  |e autor  |9 534205 
245 1 0 |a Gestión de recursos humanos 
250 |a 5a. ed 
260 |a Madrid, España   |b Pearson Educación  |c 2008 
300 |a 777 páginas  
583 |a last modification  |c 20130103 08:52:07  |k Rodrigo Vera 
650 0 |a Gestión de recursos humanos   |9 879947 
650 0 |a Formación ocupacional  |9 893898 
650 0 |a Selección de personal  |9 307100 
650 0 |a Seguridad en el empleo  |9 893892 
700 0 |a Balkin, David B  |e author  |9 534206 
700 |a Cardy, Robert L  |e autor  |9 534207 
856 |u http://bibliografiadigital.pucv.cl.pucv.idm.oclc.org/index.php/bibliotecapucv/catalog/book/266  |y Disponible Online  
942 |c BK  |2 ddc 
945 |d 20090108 00:00:00  |a jtorresc 
952 |0 0  |1 0  |2 ddc  |4 0  |6 658_300000000000000_GOM_2008  |7 0  |8 R  |9 420232  |a BIBENE  |b BIBENE  |c RES  |d 2019-11-22  |i 4509994  |o 658.3 GOM 2008  |p 4509994  |r 2025-01-15  |w 2019-11-22  |y BK_R  |k ICO 
952 |0 0  |1 0  |2 ddc  |4 0  |6 658_300000000000000_GOM_2008  |7 0  |8 R  |9 420233  |a BIBENE  |b BIBENE  |c RES  |d 2019-11-22  |i 4637615  |l 2  |o 658.3 GOM 2008  |p 4637615  |r 2025-04-28  |s 2025-04-28  |w 2019-11-22  |y BK_R  |k ICO